18th IEEE Real-Time Systems Symposium : proceedings ; December 2-5, 1997, San Francisco, CA /

Bibliographic Details
Corporate Authors: Real-Time Systems Symposium San Francisco, CA, IEEE Computer Society. Technical Committee on Real-Time Systems
Format: Conference Proceeding Book
Language:English
Published: Los Alamitos, Calif. : IEEE Computer Society Press, [1997]
Subjects:

MARC

Tag First Indicator Second Indicator Subfields
LEADER 00000cam a2200000 a 4500
001 in00001402353
005 20151020054139.0
008 980115s1997 caua b 101 0 eng d
020 |a 081868268X (softbound) 
020 |a 0818682698 (casebound) 
020 |a 0818682701 (microfiche) 
035 |a (OCoLC)38208711 
035 |9 AHN0546AM 
040 |a NAT  |c NAT  |d TXA  |d UtOrBLW 
049 |a TXAM 
090 |a QA76.54  |b .R43 1997 
111 2 |a Real-Time Systems Symposium  |d (1997 :  |c San Francisco, CA) 
245 1 0 |a 18th IEEE Real-Time Systems Symposium :  |b proceedings ; December 2-5, 1997, San Francisco, CA /  |c sponsored by IEEE Computer Society Technical Committee on Real-Time Systems. 
246 3 |a Eighteenth IEEE Real-Time Systems Symposium 
246 1 4 |a 1997 IEEE Real-Time Systems Symposium 
246 3 3 |a RTSS '97 
264 1 |a Los Alamitos, Calif. :  |b IEEE Computer Society Press,  |c [1997] 
264 4 |c ©1997 
300 |a xi, 341 pages :  |b illustrations ;  |c 28 cm. 
336 |a text  |b txt  |2 rdacontent 
337 |a unmediated  |b n  |2 rdamedia 
338 |a volume  |b nc  |2 rdacarrier 
500 |a "IEEE Computer Society Order Number PR08268"--Title page verso. 
500 |a "IEEE Order Plan Catalog Number 97CB36172"--Title page verso. 
504 |a Includes bibliographical references and index. 
650 0 |a Real-time data processing  |v Congresses. 
710 2 |a IEEE Computer Society.  |b Technical Committee on Real-Time Systems. 
999 |a MARS 
999 f f |s 92e6395b-dd70-3710-b2a2-3d8779a5c4e6  |i 1f9a5ddd-0207-3d7a-935c-92271537bcf1  |t 0 
952 f f |p ric  |a Texas A&M University  |b Rellis Campus  |c Joint Library Facility  |d Remote Storage  |t 0  |e QA76.54 .R43 1997  |h Library of Congress classification  |i unmediated -- volume  |m A14822099674 
998 f f |a QA76.54 .R43 1997  |t 0  |l Remote Storage